| 000 | 00801nas a2200241 4500 | ||
|---|---|---|---|
| 001 | BR0103589 | ||
| 003 | BR-BrBNA | ||
| 005 | 20231205102357.0 | ||
| 007 | ta | ||
| 008 | 230509b bl.|||p| |||| 00| 00por d | ||
| 040 |
_aBR-BrBNA _bpor _cBiblioteca Nacional de Agricultura |
||
| 041 | _a(Pt) | ||
| 072 | _aF70 | ||
| 100 | 1 | _aBorem, R.A.T. | |
| 100 | 1 | _aRamos, D.P. | |
| 245 | 1 | _aEstrutura fitossociologica da comunidade arborea de uma topossequencia pouco alterada de uma area de Floresta Altlantica, no municipio de Silva Jardim-RJ | |
| 650 | _aFloresta | ||
| 650 | _aComposicao Botanica | ||
| 650 | _aRio de Janeiro | ||
| 773 | 0 |
_tRevista Arvore (Brazil) _xISSN 0100-6762 _g(Jan-Mar 2001), v. 25(1) p. 131-140 _wBR0103589 |
|
| 909 |
_a202311 _bLúcia _c55 _dLúcia Elande |
||
| 942 |
_2AGRIS _n0 _cANA |
||
| 999 |
_c167265 _d167265 |
||